000 00678nam a2200277Ia 4500
005 20260324131157.0
008 008 260324s9999 xx 000 0 eng d
020 _a9781315272924
037 _aEBOOK
040 _aCRL
040 _beng
040 _cCRL
041 _2eng
041 _aeng
084 _qCRL
100 _aVictor Patterson; Richard Wootton; John Craig
_91184517
245 0 _aIntroduction to Telemedicine, second edition
260 _bTaylor and Francis
260 _c2006
365 _a
365 _b315
856 _uhttp://www.taylorfrancis.com/books/9781315272924
942 _cEBOOK
999 _c1781437
_d1781437